| 000 | 00533nam a2200169 4500 | ||
|---|---|---|---|
| 001 | 118882 | ||
| 003 | ES-MaACL | ||
| 005 | 20230906191211.0 | ||
| 007 | t| | ||
| 008 | 070214s1967 sp r ||||1| spa d | ||
| 100 | 1 |
_aPeumans, Herman. _991577 |
|
| 245 | 1 | 0 |
_aValoración de proyectos de inversión / _cHerman Peumans ; traducción de José San Miguel Montorio. |
| 260 |
_aBilbao : _bDeusto, _c1967. |
||
| 300 |
_a319 p. : _bil. ; _c25 cm. |
||
| 700 | 1 |
_aSan Miguel Montorio, José. _9102287 |
|
| 852 |
_aES-MaACL _jC-33281 _bR.63358 |
||
| 999 |
_c118882 _d118882 |
||